00375nam a22001337a 450000500170000000800410001704100130005808200120007110000130008324500400009626000470013630000320018365000260021520240701101039.0240701b |||||||| |||| 00| 0 eng d aEnglish  a349 ANN lEnglish  aAnnual Survey of South African Law  aCape Town: bJuta and Company Ltd, c1971  bxxxix, 547 pages; c23 cm.  aLegal practice bLaw